00547nam a2200169Ia 4500008004100000020001800041041000800059082001500067100001900082245003200101250000600133260005700139300001100196650002700207999001900234952012400253210716s2008 xx 000 0 und d a9780070660021 aeng a651.7 KONA aKoneru, Aruna. aProfessional communication. a1 aNew DelhibTata McGraw Hill Publishing Companyc2008 axx,500 aBusiness Communication c202688d202688 001040708MBAaAIMITbAIMITd2008-09-30g199.00l0o651.7 KONApMBA05254r2026-05-23 00:00:00v159.20w2021-07-16yBK